[Event "Nova Gorica op 28th"]
[Site "Nova Gorica"]
[Date "2024.02.01"]
[Round "8"]
[White "Novak, Rok"]
[Black "Atakay, Mustafa"]
[Result "1/2-1/2"]
[WhiteElo "1777"]
[BlackElo "1889"]
[PlyCount "77"]
[EventDate "2024.01.26"]
[EventType "swiss"]
[EventRounds "9"]
[EventCountry "SLO"]
[SourceTitle "CB06_2024"]
[SourceDate "2024.02.07"]
[SourceVersion "1"]
[SourceVersionDate "2024.02.07"]
[SourceQuality "1"]

1. e4 c6 2. d4 d5 3. e5 Bf5 4. g4 Bg6 5. e6 fxe6 6. h4 Qd6 7. h5 Bf7 8. Nf3 Nd7 9. Qe2 Nh6 10. Bh3 g5 11. Bxg5 Rg8 12. Rg1 0-0-0 13. Nbd2 Be8 14. Bh4 c5 15. 0-0-0 cxd4 16. Bg3 Qa6 17. Qxa6 bxa6 18. Nxd4 Bf7 19. Bh2 Bg7 20. N2b3 Be5 21. f4 Bd6 22. Rde1 Nc5 23. g5 Nxb3+ 24. axb3 Bc5 25. c3 Bxd4 26. cxd4 Nf5 27. Bxf5 exf5 28. Rxe7 Rd7 29. Rxd7 Kxd7 30. h6 Bh5 31. Re1 Bf7 32. Re3 Rb8 33. Bg3 Re8 34. Rxe8 Kxe8 35. Kc2 Kd7 36. Kc3 Kc6 37. Kb4 Kb6 38. Be1 a5+ 39. Kc3 1/2-1/2

[Event "Nova Gorica op 28th"]
[Site "Nova Gorica"]
[Date "2024.01.29"]
[Round "5"]
[White "Atakay, Mustafa"]
[Black "Petrosino, Germano"]
[Result "1-0"]
[WhiteElo "1889"]
[BlackElo "1715"]
[PlyCount "65"]
[EventDate "2024.01.26"]
[EventType "swiss"]
[EventRounds "9"]
[EventCountry "SLO"]
[SourceTitle "CB06_2024"]
[SourceDate "2024.02.07"]
[SourceVersion "1"]
[SourceVersionDate "2024.02.07"]
[SourceQuality "1"]

1. d4 d6 2. Nf3 Nf6 3. c4 Nbd7 4. Nc3 e5 5. g3 Be7 6. Bg2 0-0 7. 0-0 c6 8. e4 a6 9. Qc2 b5 10. b3 Bb7 11. Rd1 Qc7 12. Bb2 Rac8 13. Rac1 Rfe8 14. cxb5 cxb5 15. Qd3 Qb8 16. Ne1 exd4 17. Qxd4 Qa8 18. Nd3 Bf8 19. f3 Nc5 20. Bh3 Rcd8 21. Nb4 Ncxe4 22. Nxe4 Nxe4 23. fxe4 Rxe4 24. Qd2 d5 25. Nd3 Rde8 26. Re1 Qa7+ 27. Kf1 Re3 28. Rxe3 Rxe3 29. Bg2 d4 30. Bxb7 Qxb7 31. Nf2 Rf3 32. Qxd4 f5 33. Rd1 1-0

[Event "Nova Gorica op 28th"]
[Site "Nova Gorica"]
[Date "2024.01.28"]
[Round "4"]
[White "Beber, Anja"]
[Black "Atakay, Mustafa"]
[Result "1-0"]
[WhiteElo "1606"]
[BlackElo "1889"]
[PlyCount "99"]
[EventDate "2024.01.26"]
[EventType "swiss"]
[EventRounds "9"]
[EventCountry "SLO"]
[SourceTitle "CB06_2024"]
[SourceDate "2024.02.07"]
[SourceVersion "1"]
[SourceVersionDate "2024.02.07"]
[SourceQuality "1"]

1. d4 f5 2. Nf3 Nf6 3. h3 d6 4. Nc3 c6 5. Qd3 Qb6 6. e3 g6 7. Be2 Bg7 8. 0-0 0-0 9. a3 Na6 10. Na4 Qd8 11. Qb3+ e6 12. Rd1 Nc7 13. c4 Qe7 14. Bd2 Ne4 15. Be1 b6 16. Rac1 Kh8 17. Nc3 Nf6 18. Qc2 Bd7 19. e4 Nxe4 20. Nxe4 fxe4 21. Qxe4 Ne8 22. Bc3 Nf6 23. Qh4 Ng8 24. Qxe7 Nxe7 25. Bb4 Nc8 26. Bd3 Bf6 27. Re1 Kg7 28. Re2 a5 29. Bd2 h6 30. Rce1 g5 31. Be3 Rb8 32. Nd2 c5 33. dxc5 Bxb2 34. Ne4 Bxa3 35. cxd6 Nxd6 36. Bd4+ Kf7 37. Nf6 Bc8 38. Ng4 Nf5 39. Ne5+ Kg8 40. Ba1 Bb4 41. Rd1 Bc5 42. Bxf5 exf5 43. Ng6 Ba6 44. Nxf8 Bxf8 45. Rc2 Rc8 46. Rb2 Rc6 47. Rd8 Kf7 48. Rd5 Bg7 49. Rd7+ Kg6 50. Rxg7+ 1-0

[Event "Nova Gorica op 28th"]
[Site "Nova Gorica"]
[Date "2024.01.26"]
[Round "1"]
[White "Atakay, Mustafa"]
[Black "Mazzi, Leonardo"]
[Result "0-1"]
[WhiteElo "1889"]
[BlackElo "1647"]
[PlyCount "92"]
[EventDate "2024.01.26"]
[EventType "swiss"]
[EventRounds "9"]
[EventCountry "SLO"]
[SourceTitle "CB06_2024"]
[SourceDate "2024.02.07"]
[SourceVersion "1"]
[SourceVersionDate "2024.02.07"]
[SourceQuality "1"]

1. d4 d5 2. c4 e6 3. g3 Nf6 4. Bg2 Be7 5. Nf3 0-0 6. Qc2 Nbd7 7. 0-0 c6 8. Bf4 Nh5 9. Bc1 Nhf6 10. Nbd2 b6 11. e4 dxc4 12. Nxc4 Bb7 13. Bg5 c5 14. e5 Ne8 15. h4 h6 16. Be3 cxd4 17. Bxd4 Rc8 18. Qe2 Qc7 19. Rac1 Qb8 20. Rfd1 Nc5 21. b4 Na6 22. a3 Rd8 23. Bb2 Nac7 24. Nd4 Bxg2 25. Kxg2 Nd5 26. Kg1 Qb7 27. f4 g6 28. Rf1 Ng7 29. Qf2 h5 30. Qf3 Rd7 31. Kf2 Rfd8 32. Rc2 Qa8 33. Nd2 Bf8 34. Rfc1 a5 35. Nc6 Re8 36. b5 Nf5 37. Ne4 Nfe3 38. Rd2 Nf5 39. Rxd5 Rxd5 40. Nf6+ Kg7 41. Nxd5 exd5 42. Qxd5 Bc5+ 43. Kf3 Kg8 44. Re1 Qc8 45. Re2 Nxh4+ 46. gxh4 Qh3+ 0-1

[Event "Lisbon Portugal op"]
[Site "Lisbon"]
[Date "2020.01.26"]
[Round "2"]
[White "Pena Barbeito, Rodrigo"]
[Black "Atakay, Mustafa"]
[Result "0-1"]
[WhiteElo "1658"]
[BlackElo "1886"]
[PlyCount "118"]
[EventDate "2020.01.25"]
[EventType "swiss"]
[EventRounds "9"]
[EventCountry "POR"]
[SourceTitle "EXT 2021"]
[Source "ChessBase"]
[SourceDate "2020.10.23"]
[SourceVersion "1"]
[SourceVersionDate "2020.10.23"]
[SourceQuality "1"]

1. e4 c6 2. d4 d5 3. e5 Bf5 4. Nf3 e6 5. Bd3 Bxd3 6. Qxd3 Nd7 7. 0-0 Ne7 8. c3 Qb6 9. b3 c5 10. Be3 Nf5 11. Nbd2 cxd4 12. cxd4 Ba3 13. Ne1 Rc8 14. Rb1 Bb4 15. Ndf3 0-0 16. Nc2 Rc3 17. Qd1 Be7 18. Bd2 Rc6 19. b4 Rfc8 20. Rc1 Qa6 21. a3 Qd3 22. Nfe1 Qb3 23. Rb1 Qa4 24. Rc1 Nb6 25. g4 Nxd4 26. Nxd4 Rxc1 27. Qxa4 Nxa4 28. Bxc1 Rxc1 29. Nec2 Rxf1+ 30. Kxf1 Nb6 31. f4 Nc4 32. Ke2 Kf8 33. Nf3 Bd8 34. a4 a5 35. bxa5 Bxa5 36. Ncd4 Nb2 37. Nb3 Bb4 38. f5 Ke7 39. Nfd4 Nxa4 40. g5 exf5 41. Nxf5+ Ke6 42. Nxg7+ Kxe5 43. Nc1 Be7 44. Nd3+ Ke4 45. Nf2+ Kf4 46. h4 Nc5 47. Nh5+ Kf5 48. Ng3+ Ke6 49. Nh3 Bd6 50. Nf1 b5 51. Ne3 b4 52. h5 b3 53. Nd1 Na4 54. Kd2 b2 55. Kc2 Kf5 56. Ne3+ Ke4 57. Nd1 Be5 58. g6 fxg6 59. Ng5+ Kf5 0-1

[Event "Heraklion op 27th"]
[Site "Heraklion"]
[Date "2019.09.07"]
[Round "6"]
[White "Hulshof, Peter"]
[Black "Atakay, Mustafa"]
[Result "1-0"]
[WhiteElo "2180"]
[BlackElo "1866"]
[PlyCount "75"]
[EventDate "2019.09.03"]
[EventType "swiss"]
[EventRounds "9"]
[EventCountry "GRE"]
[SourceTitle "EXT 2020"]
[Source "ChessBase"]
[SourceDate "2019.10.17"]
[SourceVersion "1"]
[SourceVersionDate "2019.10.17"]
[SourceQuality "1"]

1. g3 f5 2. d3 Nf6 3. Bg2 e5 4. c4 g6 5. Nc3 Bg7 6. Nf3 Nc6 7. 0-0 0-0 8. Rb1 a5 9. a3 d6 10. b4 axb4 11. axb4 h6 12. b5 Ne7 13. Nd2 Nh5 14. Qb3 c5 15. bxc6 bxc6 16. Ba3 Kh7 17. Ra1 Be6 18. Rfb1 e4 19. dxe4 f4 20. Bb2 Rb8 21. Qc2 Be5 22. Nf3 Bg7 23. Nd1 Rb4 24. Bxg7 Rxc4 25. Qd3 Nxg7 26. Rb7 Nc8 27. Ra8 Rc1 28. Qd2 Rc4 29. Nb2 fxg3 30. Nxc4 gxf2+ 31. Kf1 Bxc4 32. Qd4 Rf7 33. Rxf7 Bxf7 34. Bh3 Be6 35. Bxe6 Nxe6 36. Qc4 Nc5 37. Qf7+ Kh8 38. Nh4 1-0

[Event "Heraklion op 27th"]
[Site "Heraklion"]
[Date "2019.09.05"]
[Round "4"]
[White "Stathatos, Alexandros"]
[Black "Atakay, Mustafa"]
[Result "0-1"]
[WhiteElo "1387"]
[BlackElo "1866"]
[PlyCount "124"]
[EventDate "2019.09.03"]
[EventType "swiss"]
[EventRounds "9"]
[EventCountry "GRE"]
[SourceTitle "EXT 2020"]
[Source "ChessBase"]
[SourceDate "2019.10.17"]
[SourceVersion "1"]
[SourceVersionDate "2019.10.17"]
[SourceQuality "1"]

1. e4 c6 2. d4 d5 3. exd5 cxd5 4. Bd3 Nc6 5. c3 Qc7 6. Nf3 Bg4 7. 0-0 e6 8. Re1 Bd6 9. h3 Bh5 10. Nbd2 Nf6 11. Nf1 0-0 12. Bg5 a6 13. Qc2 Bg6 14. Bxg6 hxg6 15. Bh4 Ne4 16. N1d2 Nxd2 17. Qxd2 Bf4 18. Qd3 b5 19. Bg5 Bd6 20. Bd2 Be7 21. Ne5 Nxe5 22. Rxe5 Bf6 23. Re2 Rfc8 24. Qf3 a5 25. Rc1 Ra6 26. Bf4 Qd8 27. Qd3 Bg5 28. Bxg5 Qxg5 29. Rec2 Rb6 30. b3 Qf5 31. Qxf5 gxf5 32. Kf1 Kf8 33. Ke2 g5 34. Kd3 Ke7 35. c4 bxc4+ 36. bxc4 dxc4+ 37. Rxc4 Rxc4 38. Rxc4 Rb2 39. Rc2 Rb4 40. Rc4 Rb1 41. Rc2 Kd6 42. Ke3 f4+ 43. Kd3 Rg1 44. f3 Rb1 45. Rc5 Rb2 46. Rc2 Rb5 47. Rc4 f6 48. Rc2 Kd5 49. Rc4 Kd6 50. Rc2 Rb1 51. Rc5 Rg1 52. Rc2 Kd5 53. Rc5+ Kd6 54. Rc2 Re1 55. Re2 Rxe2 56. Kxe2 Kd5 57. Kd3 a4 58. a3 e5 59. dxe5 fxe5 60. Kc3 e4 61. fxe4+ Kxe4 62. Kd2 Kd4 0-1

[Event "Heraklion op 27th"]
[Site "Heraklion"]
[Date "2019.09.03"]
[Round "1"]
[White "Atakay, Mustafa"]
[Black "Vasilakis, Marios G"]
[Result "1-0"]
[WhiteElo "1866"]
[BlackElo "1110"]
[PlyCount "47"]
[EventDate "2019.09.03"]
[EventType "swiss"]
[EventRounds "9"]
[EventCountry "GRE"]
[SourceTitle "EXT 2020"]
[Source "ChessBase"]
[SourceDate "2019.10.17"]
[SourceVersion "1"]
[SourceVersionDate "2019.10.17"]
[SourceQuality "1"]

1. d4 Nf6 2. c4 e6 3. g3 c5 4. d5 d6 5. Nc3 Bd7 6. e4 Qc7 7. Bg2 exd5 8. exd5 Be7 9. Nf3 0-0 10. 0-0 a6 11. a4 Bf5 12. Re1 Re8 13. Nh4 Bg6 14. Nxg6 fxg6 15. Bh3 Nbd7 16. b3 Ne5 17. Be6+ Kh8 18. Ra2 Rf8 19. f4 Nf7 20. Rae2 Nh5 21. Ne4 Rae8 22. Bxf7 Rxf7 23. Ng5 Rff8 24. Ne6 1-0

[Event "Gibraltar Amateur op-A"]
[Site "Caleta"]
[Date "2018.01.26"]
[Round "5"]
[White "Spanton, Timothy"]
[Black "Atakay, Mustafa"]
[Result "0-1"]
[WhiteElo "1888"]
[BlackElo "1874"]
[PlyCount "66"]
[EventDate "2018.01.22"]
[EventType "swiss"]
[EventRounds "5"]
[EventCountry "GGB"]
[SourceTitle "EXT 2019"]
[Source "ChessBase"]
[SourceDate "2018.10.10"]
[SourceVersion "1"]
[SourceVersionDate "2018.10.10"]
[SourceQuality "1"]

1. e4 c6 2. d4 d5 3. exd5 cxd5 4. c4 Nf6 5. Nc3 Nc6 6. Nf3 Bg4 7. cxd5 Nxd5 8. Qb3 Bxf3 9. gxf3 e6 10. Qxb7 Nxd4 11. Bb5+ Nxb5 12. Qc6+ Ke7 13. Qxb5 Qd7 14. Nxd5+ Qxd5 15. Qxd5 exd5 16. Be3 Ke6 17. 0-0-0 Rc8+ 18. Kb1 Bc5 19. Rhe1 Bxe3 20. fxe3 Rhd8 21. Rd4 Rc4 22. Rxc4 dxc4 23. Kc2 Rd3 24. b3 Kd5 25. Rd1 Rxd1 26. Kxd1 g5 27. b4 c3 28. Kc2 Kc4 29. b5 f5 30. a4 h5 31. f4 g4 32. e4 h4 33. exf5 g3 0-1

[Event "Gibraltar Amateur op-A"]
[Site "Caleta"]
[Date "2018.01.23"]
[Round "2"]
[White "Atakay, Mustafa"]
[Black "Volovik, Konstantin"]
[Result "1-0"]
[WhiteElo "1874"]
[BlackElo "1701"]
[PlyCount "109"]
[EventDate "2018.01.22"]
[EventType "swiss"]
[EventRounds "5"]
[EventCountry "GGB"]
[SourceTitle "EXT 2019"]
[Source "ChessBase"]
[SourceDate "2018.10.10"]
[SourceVersion "1"]
[SourceVersionDate "2018.10.10"]
[SourceQuality "1"]

1. d4 a6 2. c4 b5 3. e3 e6 4. Nf3 bxc4 5. Bxc4 Bb7 6. Nc3 Nf6 7. Qe2 d5 8. Bd3 Nbd7 9. 0-0 Bd6 10. a3 c5 11. e4 dxe4 12. Nxe4 Nxe4 13. Bxe4 Bxe4 14. Qxe4 0-0 15. Rd1 Nf6 16. Qc6 cxd4 17. Rxd4 Nd5 18. Bg5 Qc7 19. Rc1 Qxc6 20. Rxc6 Be7 21. Rxd5 exd5 22. Bxe7 Rfc8 23. Rc5 f6 24. b4 Kf7 25. Rxc8 Rxc8 26. Bc5 a5 27. Nd4 axb4 28. axb4 g6 29. Kf1 Ke8 30. Ke2 Kd7 31. Kd3 Ra8 32. b5 Ra1 33. Nb3 Rd1+ 34. Kc2 Re1 35. Kc3 Re5 36. Bd4 Re2 37. b6 Kc6 38. Na5+ Kb5 39. b7 Re8 40. Ba7 Kxa5 41. b8Q Rxb8 42. Bxb8 Kb5 43. Kd4 Kc6 44. g4 h6 45. Bg3 Kd7 46. Kxd5 Ke7 47. Bd6+ Kf7 48. f4 h5 49. gxh5 gxh5 50. f5 h4 51. h3 Kg8 52. Ke6 Kg7 53. Be7 Kh6 54. Bxf6 Kh5 55. Bxh4 1-0

[Event "Gibraltar Amateur op-A"]
[Site "Caleta"]
[Date "2018.01.22"]
[Round "1"]
[White "Yilmaz, Kazim"]
[Black "Atakay, Mustafa"]
[Result "1/2-1/2"]
[WhiteElo "1656"]
[BlackElo "1874"]
[PlyCount "124"]
[EventDate "2018.01.22"]
[EventType "swiss"]
[EventRounds "5"]
[EventCountry "GGB"]
[SourceTitle "EXT 2019"]
[Source "ChessBase"]
[SourceDate "2018.10.10"]
[SourceVersion "1"]
[SourceVersionDate "2018.10.10"]
[SourceQuality "1"]

1. Nf3 d5 2. d4 Nf6 3. g3 c5 4. Bg2 Nc6 5. c3 e6 6. 0-0 Bd6 7. Nbd2 0-0 8. Re1 e5 9. dxe5 Nxe5 10. Nxe5 Bxe5 11. Nf3 Bc7 12. Bg5 Be6 13. Bxf6 Qxf6 14. Qd2 h6 15. e4 dxe4 16. Rxe4 Rfd8 17. Qe1 Rd5 18. c4 Rf5 19. Nh4 Re5 20. Rxe5 Bxe5 21. Bxb7 Rb8 22. Bd5 Rxb2 23. Ng2 Bc3 24. Qf1 Bd4 25. Ne3 Rxf2 26. Qxf2 Qxf2+ 27. Kxf2 Bxa1 28. Bxe6 fxe6 29. Kf3 Kf7 30. Ke4 h5 31. h3 Kf6 32. g4 Kg5 33. Kf3 hxg4+ 34. hxg4 Bd4 35. Nf1 Be5 36. Nd2 Bd4 37. Nf1 Kf6 38. Ke4 Ke7 39. Nd2 Kd6 40. Nf3 Bc3 41. Ng5 Bf6 42. Nf3 Kc6 43. Nd2 Bc3 44. Nb3 Bb2 45. Na5+ Kb6 46. Nb3 Bc3 47. Kd3 Bb4 48. Ke4 Kc6 49. Ke5 Kd7 50. Nc1 Bc3+ 51. Ke4 Kd6 52. Nb3 Be1 53. Nc1 Bf2 54. Nd3 Bg3 55. Kf3 Be5 56. Ke4 Bd4 57. Kf3 Ke7 58. Nc1 Kf6 59. Ke4 Kg5 60. Kf3 Kh4 61. Ne2 Be5 62. Nc1 Kg5 1/2-1/2

[Event "Edward Lasker Memorial 99th"]
[Site "New York"]
[Date "2015.12.12"]
[Round "2"]
[White "Atakay, Mustafa"]
[Black "Kamsky, Gata"]
[Result "0-1"]
[WhiteElo "1954"]
[BlackElo "2665"]
[PlyCount "57"]
[EventDate "2015.12.11"]
[EventType "swiss"]
[EventRounds "9"]
[EventCountry "USA"]
[SourceTitle "CBM 170 Extra"]
[Source "ChessBase"]
[SourceDate "2016.02.25"]
[SourceVersion "1"]
[SourceVersionDate "2016.02.25"]
[SourceQuality "1"]

1. d4 f5 2. Nf3 Nf6 3. g3 g6 4. Bg2 Bg7 5. 0-0 0-0 6. b3 d6 7. Bb2 c6 8. c4 a5 9. a3 Na6 10. Qc2 Bd7 11. Nbd2 b5 12. e3 Rb8 13. Ne1 Qe8 14. Nd3 Kh8 15. Bc3 Qd8 16. Rac1 Qb6 17. Rb1 Nc7 18. Qa2 Qa6 19. Rfc1 Be6 20. Nf4 Bg8 21. Bf1 a4 22. b4 g5 23. Nh3 h6 24. f4 Ng4 25. Re1 Bf6 26. Rbc1 bxc4 27. Bxc4 Bxc4 28. Qxc4 Nb5 29. Ba1 0-1